000
00267nam a2200121Ia 4500
008
190216s9999||||xx |||||||||||||| ||und||
100
_a
Kakkad N N
245
0
_a
Natanchinthukal
260
_b
P K Brothers
_c
1987
300
_a
77p
650
_a
Kavithkal
942
_c
BK
999
_c
26400
_d
26400